| 000 | 00634nam a2200241Ia 4500 | ||
|---|---|---|---|
| 003 | OSt | ||
| 005 | 20220918203733.0 | ||
| 006 | a|||||r|||| 00| 0 | ||
| 007 | ta | ||
| 008 | 220917b |||||||| |||| 00| 0 eng d | ||
| 024 | _a109,621 | ||
| 037 | _cTextual | ||
| 040 |
_aARTS _cARTS _beng |
||
| 041 |
_2eng _aeng |
||
| 082 | _aV41.N81<-N76, M1 | ||
| 100 | _aPye Lucian W | ||
| 245 | 0 | _aDynamics of Chinese politics | |
| 260 |
_aCambridge _bOelgeschlager, Gunn and Ham _c1981 |
||
| 300 |
_a307p. _ccm. |
||
| 650 | _aHISTORY | ||
| 942 |
_hV41.N81<-N76, M1 _cTEXL _2CC |
||
| 999 |
_c232971 _d232971 |
||